It looks like you're offline.
Open Library logo
additional options menu

MARC record from Internet Archive

LEADER: 01529cam 2200445Ia 4500
001 ocm13591824
003 OCoLC
005 20101011094737.0
008 860520s1971 flu 001 0 eng d
010 $z 67029478
040 $aFVC$cFVC$dIUL$dNLGGC$dYDXCP$dZ8Q
019 $a17571877
020 $a0849303524
020 $a9780849303524
035 $a(OCoLC)13591824$z(OCoLC)17571877
050 4 $aQD51$b.S88 1971a
082 04 $a542.10289$2@
084 $a35.08$2bcl
100 1 $aSteere, Norman V.,$ecomp.
245 10 $aCRC handbook of laboratory safety.$cEditor: Norman V. Steere.
250 $a2d ed.
260 $aBoca Raton, Fla. :$bCRC Press,$c[1971]
300 $a854 p.$billus. (part col.)$c28 cm.
504 $aIncludes bibliographical references.
650 0 $aChemical laboratories$xSafety measures.
650 17 $aLaboratoria.$2gtt
650 17 $aVeiligheid.$2gtt
710 2 $aChemical Rubber Company.
740 01 $aHandbook of laboratory safety.
938 $aYBP Library Services$bYANK$n848418
952 $a13591824$zFVC$bVALENCIA COMMUN COL$hFull OCLC member$iLCC$kDDC$u20100920
952 $a137440926$zMSR$bSAINT LOUIS ART MUS$hOther$u20100625
952 $a171183545$zNGA$bNATIONAL GALLERY OF ART$hFull$u20100803
952 $a175489355$zPUL$bPRINCETON UNIV$hFull$iLCC$kDDC$u20100727
029 1 $aNLGGC$b112324290
029 1 $aNLGGC$b093926014
029 1 $aAU@$b000023578414
029 1 $aUNITY$b070951527
994 $aZ0$bPMR
948 $hNO HOLDINGS IN PMR - 169 OTHER HOLDINGS